000 00579nam a2200217Ia 4500
003 OSt
005 20260107105625.0
008 210210b2013 xxu||||| |||| 00| 0 eng d
020 _a9789382302988
040 _cAL
041 _aeng
082 _a820.309 PANC
100 _aDinesh Panwar
_9250458
245 _aContemporary Indian fiction in English
_b: critical studies
260 _aNew Delhi
_bAlfa publication
_c2013
300 _ax,173p
690 _aIndian English Criticism
_9250466
700 _aRoy, Vijaya Kumar Ed
_9250467
906 _a067642
942 _2ddc
_cBK
999 _c152768
_d152768